000 00710nam a2200217Ia 4500
003 GCL
008 140319s9999 xx 000 0 ara d
040 _aGCL /
_cGCL
082 0 4 _aش ف
_b791.43
_bم ق
100 1 _aمحمد سلمان
245 1 0 _aقمر الليل (شرائط فيديو) /
_cمحمد سلمان
260 _aالقاهرة :
_bالدقى فيديو فيلم
300 _a1 شريط:
_bلو ؛
_c1\2 بوصة
490 _a
650 0 4 _aالافلام السينمائية
650 0 4 _aالافلام العربية
650 0 4 _aالفيديو، أشرطة
650 0 4 _aالافلام الاستعراضية
650 0 4 _aالافلام الغنائية
942 _2ddc
_cVM
999 _c28930
_d28930